| 000 | 00674nam a2200217 a 4500 | ||
|---|---|---|---|
| 005 | 20231101063656.0 | ||
| 008 | 070821s2005 mx r 000 0 spa d | ||
| 020 | _a9685422990 | ||
| 035 | _aUPN01000151047 | ||
| 049 | _aCG | ||
| 050 | 4 |
_aPQ7297 G6.5 _bC3.3 2005 |
|
| 100 | 1 | _aCantú, Arturo | |
| 245 | 1 | 0 |
_aEn la red de cristal : _bedición y estudio de Muerte sin fin de José Gorostiza / _cArturo Cantú. |
| 250 | _a2a ed. | ||
| 260 |
_aMéxico : _bCasa Juan Pablos : _bUAM, _c2005. |
||
| 300 | _a308 p. | ||
| 600 | 1 | 4 |
_aGOROSTIZA, JOSE, 1901-1973. _tMUERTE SIN FIN _918538 |
| 650 | 4 |
_aPoesía mexicana _91273 |
|
| 650 | 4 |
_aPOESIA - _xANALISIS _91213 |
|
| 905 | _aLibro | ||
| 999 |
_c123187 _d123187 |
||